Central Library OPAC University of Rajshahi

Late Victorian plays, 1890-1914 / (Record no. 20805)

MARC details
000 -LEADER
fixed length control field 01002nam a22002651 4500
001 - CONTROL NUMBER
control field 20805
003 - CONTROL NUMBER IDENTIFIER
rucl marc code BD-RjUL
005 - DATE AND TIME OF LATEST TRANSACTION
control field 20211209000620.0
008 - FIXED-LENGTH DATA ELEMENTS--GENERAL INFORMATION
fixed length control field 140302s1968 enk 000 1 eng d
035 ## - SYSTEM CONTROL NUMBER
System control number (BD-RjUL)20867
040 ## - CATALOGING SOURCE
Original cataloging agency DLC
Transcribing agency DLC
Modifying agency DLC
-- BD-RjUL
Language of cataloging eng
041 ## - LANGUAGE CODE
Language code of text/sound track or separate title eng
082 00 - DEWEY DECIMAL CLASSIFICATION NUMBER
Classification number 822.808
Author mark and year LAT 1968
245 10 - TITLE STATEMENT
Title Late Victorian plays, 1890-1914 /
Statement of responsibility, etc. edited with an introduction by George Rowell.
260 ## - PUBLICATION, DISTRIBUTION, ETC. (IMPRINT)
Place of publication, distribution, etc. London ;
-- New York :
Name of publisher, distributor, etc. Oxford U.P.,
Date of publication, distribution, etc. 1968.
300 ## - PHYSICAL DESCRIPTION
Pagination xv, 507 p. ;
Size 16 cm.
350 ## - PRICE (NR) (BK AM CF MU VM SE) [OBSOLETE]
Price 18/-
490 0# - SERIES STATEMENT
Series statement The World's classics 614
505 0# - FORMATTED CONTENTS NOTE
Formatted contents note The second Mrs. Tanqueray, by A. W. Pinero.--The liars, by H. A. Jones.--The mollusc, by H. H. Davies.--The Cassilis engagement, by St. J. Hankin.--The Voysey inheritance, by H. Granville-Barker.--Justice, by J. Galsworthy.--Hindle wakes, by S. Houghton.
650 #0 - SUBJECT ADDED ENTRY--TOPICAL TERM
Topical term or geographic name as entry element English drama
Chronological subdivision 19th century.
9 (RLIN) 64252
700 1# - ADDED ENTRY--PERSONAL NAME
Personal name Rowell, George,
942 ## - ADDED ENTRY ELEMENTS (KOHA)
Source of classification or shelving scheme Dewey Decimal Classification
Koha item type Books
Holdings
Lost status Source of classification or shelving scheme Damaged status Not for loan Collection code Permanent Location Current Location Shelving location Date acquired Source of acquisition Cost, normal purchase price Full call number Date last seen Copy number Koha item type Total Checkouts
  Dewey Decimal Classification   Not For Loan Fiction Central Library, University of Rajshahi Central Library, University of Rajshahi Reading Room 13/03/1970 Zeitlinger 18.00 822.808 LAT 1968 02/03/2014 C-1 Books  
  Dewey Decimal Classification     Fiction Central Library, University of Rajshahi Central Library, University of Rajshahi General Stacks 09/05/1974 Oxford University Pres 19.80 822.808 LAT 1968 13/10/2022 C-2 Books